Capitales d'Europe par drapeaux - Statistiques

Statistiques générales
  • Ce quiz a été pris 288 fois
  • Le résultat moyen est 35 sur 45
Statistiques - réponses
Par images Réponse % Correct
Moscou
99%
Berlin
98%
Berne
95%
Bruxelles
95%
Oslo
95%
Paris
95%
Lisbonne
92%
Londres
91%
Rome
91%
Madrid
90%
Saint Marin
90%
Vienne
90%
Athènes
89%
Copenhague
89%
Kiev
89%
Vatican
89%
Dublin
87%
Monaco
87%
Varsovie
87%
Amsterdam
86%
Luxembourg
86%
Helsinki
84%
Zagreb
83%
Bucarest
82%
Prague
82%
Stockholm
82%
Budapest
77%
Minsk
77%
Reykjavik
77%
La Valette
76%
Sofia
74%
Andorre-la-vieille
73%
Riga
72%
Tirana
68%
Sarajevo
66%
Vilnius
65%
Bratislava
60%
Talinn
59%
Skopje
57%
Vaduz
57%
Chișinău
55%
Pristina
53%
Podgorica
47%
Belgrade
45%
Ljubljana
43%
Aucun quiz correspondant
Distribution des résultats
% des personnes avec chaque résultat
Percentile par nombre de réponses
Votre historique - résultats
Vous n’avez pas pris ce quiz